000 00947cam a22002773a 4500
001 25717
003 PGUSA
005 20140828083543.0
008 080607s2008||||xxu|||||s|||||000 | eng d
040 _aPGUSA
_beng
042 _adc
050 4 _aDG
100 1 _aGibbon, Edward,
_d1737-1794
245 1 4 _aThe History Of The Decline And Fall Of The Roman Empire :
_bTable of Contents with links in the HTML file to the two Project Gutenberg editions (12 volumes)
_h[electronic resource] /
_cEdward Gibbon
260 _bProject Gutenberg,
_c2008
506 _aPublic domain in the USA.
516 _aElectronic text
653 _aByzantine Empire -- History -- To 527
653 _aRome -- History -- Empire, 30 B.C.-476 A.D.
653 _aIndexes
700 1 _aMilman, Henry Hart,
_d1791-1868
700 1 _aWidger, David,
_d1932-
830 0 _aProject Gutenberg
_v25717
856 4 0 _uhttp://www.gutenberg.org/ebooks/25717
942 _cEB
999 _c254972
_d254972